LEADER 00767naa a2200217 u 4500 001 000000103246 003 CaOOAMICUS 005 20070226130215.0 008 061103s1972 gw u000 u ger u 020 $a3-11-003928-1 035 $a11105264 040 $aIAR$bita 100 1 $aGigon, Olof Alfred,$d1912-$0(OLS)http://pul/name/631 245 10$aAkusilaos, Cicero und Varro /$cOlof Gigon. 260 $aBerlin :$bde Gruyter,$c1972. 300 $aS. 365-369 ;$c24 cm 500 $aIAR: CFA.157 773 0 $aGigon, Olof Alfred.$tStudien zur antiken Philosophie$w()566 996 $6020$a3-11-003928-1$9(OLS)http://pul/number/709 996 $6245$aAkusilaos, Cicero und Varro$9(OLS)http://pul/title/130153 996 $6260$aBerlin :$bde Gruyter$9(OLS)http://pul/publisher/48196 LEADER 01300nam a2200325 a 4500 001 000000152096 003 CaOOAMICUS 005 20160603140802.0 008 160603s2002 it u000 u ita r 020 $z8842493546* 032 $aLibriCat 040 $aPUL$bita 082 04$a195 100 1 $aVasoli, Cesare,$d1924-$0(OLS)http://pul/name/4280 245 13$aLe filosofie del Rinascimento / $cCesare Vasoli ; a cura di Paolo Costantino Pissavino. 260 $aMilano :$bBruno Mondadori,$cİ2002. 300 $aXVI, 623 p. ;$c22 cm. 490 1 $aSintesi 504 $aBibliografia in nota. 650 4$aFilosofia italiana$yRinascimento.$0(OLS)http://pul/subject/10151 700 1 $aPissavino, Paolo Costantino.$0(OLS)http://pul/name/96788 830 0$aSintesi (Bruno Mondadori).$0(OLS)http://pul/title/64782 850 $aPUL 852 $aPUL$W1$xSL Filosofia 3$y81$m195 VASCE 1$j174841$qDDC 21$B177396$CPULBib$Z2$F177396 $H127824 $81 941 1 $a9 996 $6020$z8842493546*$9(OLS)http://pul/number/160475 996 $6082$a195$9(OLS)http://pul/classification/342 996 $6245$aLe filosofie del Rinascimento / $9(OLS)http://pul/title/191456 996 $6260$aMilano :$bBruno Mondadori$9(OLS)http://pul/publisher/60338